000 00826nam a2200253Ia 4500
003 OSt
005 20220923225042.0
006 a|||||r|||| 00| 0
007 ta
008 220922b |||||||| |||| 00| 0 hin d
024 _a255,788
037 _cTextual
040 _aARTS
_cARTS
_bhin
041 _2hin
_ahin
082 _aQ111:22:g, 152K6
100 _aपाठक, नाथूलाल
245 0 _aऐतरेयब्राह्मण का एक अध्ययन
246 _aAitareyabrāhmaṇ kā ek adhyayana
260 _aजयपुर
_b रोशनलाल जैन एण्ड सन्स
_c1966
300 _a218पृ.
_ccm.
650 _aधर्म
942 _hQ111:22:g, 152K6
_cTEXL
_2CC
999 _c375724
_d375724